Fate/Strange Fake - Les Personnages - Statistiques

Statistiques générales
  • Ce quiz a été pris 3 fois
  • Le résultat moyen est 19 sur 36
Statistiques - réponses
Par images Réponse % Correct
Fake Lancer
100%
Saber
100%
Archer
67%
Assassin
67%
Ayaka Sajyou
67%
Berserker
67%
Caster
67%
Fake Archer
67%
Fake Assassin
67%
Fake Berserker
67%
Fake Caster
67%
Fake Rider
67%
Francesca Prelati
67%
Hansa Cervantes
67%
Lord El-Melloi II
67%
Philia
67%
Rider
67%
Sigma
67%
Tiné Chelc
67%
Watcher
67%
Bazdilot Cordelion
33%
Cashura
33%
Delmio Cervantes
33%
Faldeus Dioland
33%
Flat Escardos
33%
Halri Vorzak
33%
Jester Karture
33%
John Wingard
33%
Langal
33%
Loup argenté
33%
Orlando Reeve
33%
Renri Kuruoka
33%
Tsubaki Kuruoka
33%
Van-Fem
33%
Vera Levitt
33%
Yuukaku Kuruoka
33%
Aucun quiz correspondant
Distribution des résultats
% des personnes avec chaque résultat
Percentile par nombre de réponses
Votre historique - résultats
Vous n’avez pas pris ce quiz